000 00735nam a2200289Ia 4500
001 AUWbook002381
003 BDCtgAUW
005 20260406155201.0
008 220908s9999 xx 000 0 eng d
020 _a0340614528
040 _aBDCtgAUW
_cBDCtgAUW
100 1 _aCorbridge, Stuart,
_eeditor.
245 0 _aDevelopment studies :
_breader /
250 _aFirst edition.
260 _aLondon :
_bArnold,
_c1995.
300 _axix, 475 pages.
650 0 _aDevelopment economics.
650 0 _aEconomic.
650 0 _ahistory and conditions.
650 0 _aSocial sciences.
651 0 _aDeveloping countries.
_978713
887 _a BRAC
_22982
888 _22982
942 _cBK
945 _cBK
999 _c17955
_d17955